| 000 | 01062cad a22002535a 4500 | ||
|---|---|---|---|
| 001 | E151688 | ||
| 008 | 101130s2010 xxk f 100 0 eng d | ||
| 020 | _a9781842196199 | ||
| 035 | _a(Sirsi) u151688 | ||
| 041 | 0 | _aeng | |
| 100 | 1 | _aSchultz, Robert W. | |
| 111 | 2 |
_aConstruction and Building Research Conference _cDauphine Universite, Paris _d2-3 September 2010 |
|
| 245 | 0 | 0 |
_aAssessing the roles of regulation, litigation, management and environmental advocacy in protecting groundwater resources _h[electronic resource] |
| 260 |
_aLondon _bRICS _c2010 |
||
| 520 | _aA paper presented at the COBRA Conference in Paris on 2-3 September 2010. | ||
| 590 | _aKA | ||
| 650 | 2 | 4 | _aCONSTRUCTION AND BUILDING RESEARCH CONFERENCE (COBRA) |
| 651 | 4 | _aInternational | |
| 690 | _aENVIRONMENTAL AND LAND CONSULTANCY-WATER RESOURCE MANAGEMENT | ||
| 700 | 1 | _aDaniels, Donald C. | |
| 700 | 1 | _aVandenburg, Thomas F. | |
| 856 | 4 | 0 |
_uhttps://www.rics.org/Global/Downloads/AssessingTheRolesOfRegulationCOBRA2010Schultz.pdf _zBroken link - not available |
| 942 | _n0 | ||
| 999 |
_c111541 _d111541 |
||